{"text_format":"3","workbook":"xlsx","n_sheets":1,"sheets":["t18"],"read":"whole","date_system":"1900"}

{"sheet":"t18","index":0,"n_rows":169,"n_cols":7,"rows_kept":169,"merged":[[0,0,0,6],[30,0,30,5],[45,0,45,5],[145,0,145,5]]}
["TABELA 18.1 - Estatísticas Agrícolas, Município de Alvinlândia, Estado de São Paulo, 2007/08."]
["ITEM","UNIDADE","N.DE UPAs","MÍNIMO","MÉDIO","MÁXIMO","TOTAL"]
["Distância à sede do município","km",163,0.3,{"v":5.21,"d":"5.2"},{"v":20,"d":"20.0"},"-"]
["Área total","hectare",163,0.3,{"v":53.09,"d":"53.1"},{"v":1437.4,"d":"1,437.4"},{"v":8653.58,"d":"8,653.6"}]
["Área com cultura perene","hectare",41,{"v":1,"d":"1.0"},22.1,143.2,905.9]
["Área com cultura temporária","hectare",27,0.2,{"v":14.39,"d":"14.4"},{"v":192,"d":"192.0"},388.5]
["Área com pastagem","hectare",145,0.3,{"v":39.91,"d":"39.9"},832.4,{"v":5787.14,"d":"5,787.1"}]
["Área com reflorestamento","hectare",23,0.1,{"v":7.54,"d":"7.5"},96.9,173.5]
["Área com vegetação natural","hectare",72,0.2,{"v":14.77,"d":"14.8"},{"v":274,"d":"274.0"},{"v":1063.72,"d":"1,063.7"}]
["Área com vegetação de brejo e várzea","hectare",17,0.1,{"v":1.62,"d":"1.6"},{"v":6,"d":"6.0"},27.6]
["Área em descanso","hectare",10,0.1,{"v":8.24,"d":"8.2"},24.8,82.4]
["Área complementar","hectare",95,{"v":0.02,"d":"0.0"},{"v":2.37,"d":"2.4"},{"v":48,"d":"48.0"},{"v":224.82,"d":"224.8"}]
["Área das UPAs com (0, 1] ha","hectare",1,0.3,0.3,0.3,0.3]
["Área das UPAs com (1, 2] ha","hectare",1,1.8,1.8,1.8,1.8]
["Área das UPAs com (2, 5] ha","hectare",14,2.3,{"v":3.53,"d":"3.5"},4.9,{"v":49.42,"d":"49.4"}]
["Área das UPAs com (5, 10] ha","hectare",34,5.1,{"v":7.57,"d":"7.6"},9.6,{"v":257.48,"d":"257.5"}]
["Área das UPAs com (10, 20] ha","hectare",45,10.2,{"v":14.05,"d":"14.1"},19.9,{"v":632.23,"d":"632.2"}]
["Área das UPAs com (20, 50] ha","hectare",34,20.3,{"v":33.37,"d":"33.4"},48.4,{"v":1134.55,"d":"1,134.6"}]
["Área das UPAs com (50, 100] ha","hectare",13,{"v":60,"d":"60.0"},{"v":75.34,"d":"75.3"},96.8,979.4]
["Área das UPAs com (100, 200] ha","hectare",11,101.6,{"v":132.13,"d":"132.1"},183.8,{"v":1453.4,"d":"1,453.4"}]
["Área das UPAs com (200, 500] ha","hectare",8,206.1,{"v":261.35,"d":"261.4"},431.7,{"v":2090.8,"d":"2,090.8"}]
["Área das UPAs com (500, 1.000] ha","hectare",1,616.8,616.8,616.8,616.8]
["Área das UPAs com (1.000, 2.000] ha","hectare",1,{"v":1437.4,"d":"1,437.4"},{"v":1437.4,"d":"1,437.4"},{"v":1437.4,"d":"1,437.4"},{"v":1437.4,"d":"1,437.4"}]
["Área das UPAs com (2.000, 5.000] ha","hectare","-","-","-","-","-"]
["Área das UPAs com (5.000, 10.000] ha","hectare","-","-","-","-","-"]
["Área das UPAs acima de 10.000 ha","hectare","-","-","-","-","-"]
["Familiares do proprietário que trabalham na UPA","unidade",146,{"v":1,"d":"1.0"},{"v":1.43,"d":"1.4"},{"v":5,"d":"5.0"},{"v":209,"d":"209.0"}]
["Trabalhadores permanentes","unidade",85,{"v":1,"d":"1.0"},{"v":2.95,"d":"3.0"},{"v":18,"d":"18.0"},{"v":251,"d":"251.0"}]
["Fonte: Secretaria de Agricultura e Abastecimento, CDRS/IEA, Projeto LUPA."]
[]
["TABELA 18.2 - Explorações Animais, Município de Alvinlândia, Estado de São Paulo, 2007/08."]
["ITEM","UNIDADE","N.DE UPAs","MÍNIMO","MÉDIO","MÁXIMO","TOTAL"]
["Asininos E Muares","cabeças",11,{"v":1,"d":"1.0"},{"v":2.27,"d":"2.3"},{"v":5,"d":"5.0"},{"v":25,"d":"25.0"}]
["Avicultura de Corte","cabeças/ano",1,{"v":20,"d":"20.0"},{"v":20,"d":"20.0"},{"v":20,"d":"20.0"},{"v":20,"d":"20.0"}]
["Avicultura Ornamental/Decorativa/Exótica","cabeças",3,{"v":6,"d":"6.0"},{"v":34.67,"d":"34.7"},{"v":78,"d":"78.0"},{"v":104,"d":"104.0"}]
["Bovinocultura de Corte","cabeças",74,{"v":2,"d":"2.0"},{"v":111.46,"d":"111.5"},{"v":560,"d":"560.0"},{"v":8248,"d":"8,248.0"}]
["Bovinocultura Leiteira","cabeças",27,{"v":2,"d":"2.0"},9.7,{"v":50,"d":"50.0"},{"v":262,"d":"262.0"}]
["Bovinocultura Mista","cabeças",34,{"v":2,"d":"2.0"},{"v":27.12,"d":"27.1"},{"v":100,"d":"100.0"},{"v":922,"d":"922.0"}]
["Equinocultura","cabeças",35,{"v":1,"d":"1.0"},{"v":2.83,"d":"2.8"},{"v":9,"d":"9.0"},{"v":99,"d":"99.0"}]
["Minhocultura","canteiros",1,{"v":1,"d":"1.0"},{"v":1,"d":"1.0"},{"v":1,"d":"1.0"},{"v":1,"d":"1.0"}]
["Ovinocultura","cabeças",4,{"v":12,"d":"12.0"},{"v":26.75,"d":"26.8"},{"v":50,"d":"50.0"},{"v":107,"d":"107.0"}]
["Piscicultura","m² tanques",3,{"v":1,"d":"1.0"},{"v":1200.33,"d":"1,200.3"},{"v":3000,"d":"3,000.0"},{"v":3601,"d":"3,601.0"}]
["Suinocultura","cabeças",6,{"v":8,"d":"8.0"},{"v":15.83,"d":"15.8"},{"v":25,"d":"25.0"},{"v":95,"d":"95.0"}]
["Fonte: Secretaria de Agricultura e Abastecimento, CDRS/IEA, Projeto LUPA."]
[]
["TABELA 18.3 -  Máquinas, Implementos e Benfeitorias, Município de Alvinlândia, Estado de São Paulo, 2007/08."]
["ITEM","UNIDADE","N.DE UPAs","MÍNIMO","MÉDIO","MÁXIMO","TOTAL"]
["Arado Comum (Bacia, Aiveca)","Unidade",13,{"v":1,"d":"1.0"},{"v":1.85,"d":"1.9"},{"v":9,"d":"9.0"},{"v":24,"d":"24.0"}]
["Arado Escarificador","Unidade",15,{"v":1,"d":"1.0"},1.2,{"v":3,"d":"3.0"},{"v":18,"d":"18.0"}]
["Arado Subsolador","Unidade",5,{"v":1,"d":"1.0"},1.2,{"v":2,"d":"2.0"},{"v":6,"d":"6.0"}]
["Batedeira de Cereais","Unidade",5,{"v":1,"d":"1.0"},{"v":1,"d":"1.0"},{"v":1,"d":"1.0"},{"v":5,"d":"5.0"}]
["Câmara Fria","Unidade",1,{"v":1,"d":"1.0"},{"v":1,"d":"1.0"},{"v":1,"d":"1.0"},{"v":1,"d":"1.0"}]
["Colhedeira Acoplada","Unidade",3,{"v":1,"d":"1.0"},{"v":1,"d":"1.0"},{"v":1,"d":"1.0"},{"v":3,"d":"3.0"}]
["Colhedeira Automotriz","Unidade",1,{"v":1,"d":"1.0"},{"v":1,"d":"1.0"},{"v":1,"d":"1.0"},{"v":1,"d":"1.0"}]
["Computador","Unidade",6,{"v":1,"d":"1.0"},{"v":1.17,"d":"1.2"},{"v":2,"d":"2.0"},{"v":7,"d":"7.0"}]
["Conj.Irrigação Convencional","Unidade",1,{"v":1,"d":"1.0"},{"v":1,"d":"1.0"},{"v":1,"d":"1.0"},{"v":1,"d":"1.0"}]
["Conj.Irrigação/Gotejamento/Microaspersão","Unidade",5,{"v":1,"d":"1.0"},2.4,{"v":4,"d":"4.0"},{"v":12,"d":"12.0"}]
["Conjunto de Fenação","Unidade",2,{"v":1,"d":"1.0"},{"v":1,"d":"1.0"},{"v":1,"d":"1.0"},{"v":2,"d":"2.0"}]
["Desintegrador de Palha (Plantio Direto)","Unidade",1,{"v":1,"d":"1.0"},{"v":1,"d":"1.0"},{"v":1,"d":"1.0"},{"v":1,"d":"1.0"}]
["Desintegrador, Picador, Triturador","Unidade",20,{"v":1,"d":"1.0"},{"v":1.05,"d":"1.1"},{"v":2,"d":"2.0"},{"v":21,"d":"21.0"}]
["Distribuidor de Calcário","Unidade",10,{"v":1,"d":"1.0"},1.2,{"v":2,"d":"2.0"},{"v":12,"d":"12.0"}]
["Grade Aradora (Tipo Romi)","Unidade",6,{"v":1,"d":"1.0"},{"v":1.67,"d":"1.7"},{"v":4,"d":"4.0"},{"v":10,"d":"10.0"}]
["Grade Niveladora","Unidade",3,{"v":1,"d":"1.0"},{"v":1,"d":"1.0"},{"v":1,"d":"1.0"},{"v":3,"d":"3.0"}]
["Implementos para Tração Animal","Unidade",9,{"v":1,"d":"1.0"},{"v":1.67,"d":"1.7"},{"v":3,"d":"3.0"},{"v":15,"d":"15.0"}]
["Microtrator","Unidade",2,{"v":1,"d":"1.0"},{"v":1,"d":"1.0"},{"v":1,"d":"1.0"},{"v":2,"d":"2.0"}]
["Misturador de Ração","Unidade",2,{"v":1,"d":"1.0"},{"v":1,"d":"1.0"},{"v":1,"d":"1.0"},{"v":2,"d":"2.0"}]
["Pulverizador Tratorizado","Unidade",22,{"v":1,"d":"1.0"},{"v":1.55,"d":"1.6"},{"v":5,"d":"5.0"},{"v":34,"d":"34.0"}]
["Roçadeira Costal","Unidade",1,{"v":1,"d":"1.0"},{"v":1,"d":"1.0"},{"v":1,"d":"1.0"},{"v":1,"d":"1.0"}]
["Roçadeira Tratorizada","Unidade",15,{"v":1,"d":"1.0"},{"v":1.27,"d":"1.3"},{"v":2,"d":"2.0"},{"v":19,"d":"19.0"}]
["Semeadeira/Adubadeira para Plantio Convencional","Unidade",1,{"v":1,"d":"1.0"},{"v":1,"d":"1.0"},{"v":1,"d":"1.0"},{"v":1,"d":"1.0"}]
["Semeadeira/Plantadeira Plantio Direto","Unidade",1,{"v":3,"d":"3.0"},{"v":3,"d":"3.0"},{"v":3,"d":"3.0"},{"v":3,"d":"3.0"}]
["Terraceador","Unidade",2,{"v":1,"d":"1.0"},{"v":1,"d":"1.0"},{"v":1,"d":"1.0"},{"v":2,"d":"2.0"}]
["Trator de Esteiras","Unidade",1,{"v":1,"d":"1.0"},{"v":1,"d":"1.0"},{"v":1,"d":"1.0"},{"v":1,"d":"1.0"}]
["Trator de Pneus","Unidade",36,{"v":1,"d":"1.0"},{"v":1.64,"d":"1.6"},{"v":5,"d":"5.0"},{"v":59,"d":"59.0"}]
["Açude/Represa","Unidade",38,{"v":1,"d":"1.0"},{"v":1.82,"d":"1.8"},{"v":8,"d":"8.0"},{"v":69,"d":"69.0"}]
["Almoxarifado/Oficina","Unidade",21,{"v":1,"d":"1.0"},{"v":1.14,"d":"1.1"},{"v":2,"d":"2.0"},{"v":24,"d":"24.0"}]
["Armazém para Grãos Ensacados","Sacas",7,{"v":1,"d":"1.0"},{"v":529,"d":"529.0"},{"v":2500,"d":"2,500.0"},{"v":3703,"d":"3,703.0"}]
["Balança para Bovinos","Unidade",2,{"v":1,"d":"1.0"},{"v":1,"d":"1.0"},{"v":1,"d":"1.0"},{"v":2,"d":"2.0"}]
["Balança para Veículos","Unidade",1,{"v":1,"d":"1.0"},{"v":1,"d":"1.0"},{"v":1,"d":"1.0"},{"v":1,"d":"1.0"}]
["Barracão para Cultivo de Cogumelo","Unidade",1,{"v":2,"d":"2.0"},{"v":2,"d":"2.0"},{"v":2,"d":"2.0"},{"v":2,"d":"2.0"}]
["Barracão/Galpão/Garagem","Unidade",33,{"v":1,"d":"1.0"},{"v":1.06,"d":"1.1"},{"v":2,"d":"2.0"},{"v":35,"d":"35.0"}]
["Casa de Moradia Habitada","Unidade",80,{"v":1,"d":"1.0"},{"v":1.55,"d":"1.6"},{"v":7,"d":"7.0"},{"v":124,"d":"124.0"}]
["Casa de Moradia Total","Unidade",79,{"v":1,"d":"1.0"},{"v":2.14,"d":"2.1"},{"v":15,"d":"15.0"},{"v":169,"d":"169.0"}]
["Curral/Mangueira","Unidade",54,{"v":1,"d":"1.0"},{"v":1.04,"d":"1.0"},{"v":3,"d":"3.0"},{"v":56,"d":"56.0"}]
["Depósito/Tulha","Unidade",56,{"v":1,"d":"1.0"},{"v":1.54,"d":"1.5"},{"v":7,"d":"7.0"},{"v":86,"d":"86.0"}]
["Estábulo","Unidade",1,{"v":1,"d":"1.0"},{"v":1,"d":"1.0"},{"v":1,"d":"1.0"},{"v":1,"d":"1.0"}]
["Estufa/Plasticultura","m²",12,{"v":1,"d":"1.0"},{"v":309.08,"d":"309.1"},{"v":1000,"d":"1,000.0"},{"v":3709,"d":"3,709.0"}]
["Máquina de Benefício","Unidade",8,{"v":1,"d":"1.0"},{"v":1,"d":"1.0"},{"v":1,"d":"1.0"},{"v":8,"d":"8.0"}]
["Pocilga","Unidade",2,{"v":1,"d":"1.0"},{"v":1,"d":"1.0"},{"v":1,"d":"1.0"},{"v":2,"d":"2.0"}]
["Poço Semi-Artesiano","Unidade",25,{"v":1,"d":"1.0"},{"v":1.08,"d":"1.1"},{"v":2,"d":"2.0"},{"v":27,"d":"27.0"}]
["Posto Meteorológico","Unidade",1,{"v":1,"d":"1.0"},{"v":1,"d":"1.0"},{"v":1,"d":"1.0"},{"v":1,"d":"1.0"}]
["Secador de Grãos","Unidade",7,{"v":1,"d":"1.0"},{"v":1,"d":"1.0"},{"v":1,"d":"1.0"},{"v":7,"d":"7.0"}]
["Silo para Grãos","t",2,{"v":1,"d":"1.0"},{"v":3,"d":"3.0"},{"v":5,"d":"5.0"},{"v":6,"d":"6.0"}]
["Terreiro","m²",39,{"v":1,"d":"1.0"},{"v":628.05,"d":"628.1"},{"v":6000,"d":"6,000.0"},{"v":24494,"d":"24,494.0"}]
["Fonte: Secretaria de Agricultura e Abastecimento, CDRS/IEA, Projeto LUPA."]
[]
["TABELA 18.4 - Outras Estatísticas Agrícolas, Município de Alvinlândia, Estado de São Paulo, 2007/08."]
["ITEM","Número de UPAs",null,"Percentual"]
["Faz Parte de Associação de Produtores",12,null,{"v":7.361963190184049,"d":"7.4"}]
["Faz Parte de Cooperativa de Produtores",21,null,{"v":12.883435582822084,"d":"12.9"}]
["Faz Parte do Sindicato de Produtores",65,null,{"v":39.87730061349693,"d":"39.9"}]
["Não utiliza assistência técnica ",11,null,{"v":6.748466257668712,"d":"6.7"}]
["Utiliza somente assistência técnica governamental ",133,null,{"v":81.59509202453988,"d":"81.6"}]
["Utiliza somente assistência técnica privada ",3,null,{"v":1.8404907975460123,"d":"1.8"}]
["Utiliza assistência técnica tanto governamental quanto privada",16,null,{"v":9.815950920245399,"d":"9.8"}]
["Utiliza Crédito Rural",33,null,{"v":20.245398773006134,"d":"20.2"}]
["Utiliza Seguro Rural",11,null,{"v":6.748466257668712,"d":"6.7"}]
["Utiliza Escrituração Agrícola",136,null,{"v":83.43558282208589,"d":"83.4"}]
["Acessa Internet p/ Fins na Agropecuária",8,null,{"v":4.9079754601226995,"d":"4.9"}]
["Utiliza Computador nas Atividades Agropecuárias",11,null,{"v":6.748466257668712,"d":"6.7"}]
["Utiliza Energia Elétrica Para Uso na Atividade Agrícola",141,null,{"v":86.50306748466258,"d":"86.5"}]
["Realiza Análise de Solo, quando necessário",39,null,{"v":23.926380368098158,"d":"23.9"}]
["Utiliza Práticas de Conservação de Solo, quando necessário",140,null,{"v":85.88957055214723,"d":"85.9"}]
["Faz Adubação Mineral, quando necessário",79,null,{"v":48.46625766871166,"d":"48.5"}]
["Faz Adubação Orgânica, quando necessário",56,null,{"v":34.355828220858896,"d":"34.4"}]
["Faz Adubação Verde, quando necessário",14,null,{"v":8.588957055214724,"d":"8.6"}]
["Utiliza Manejo Integrado de Pragas (MIP)",12,null,{"v":7.361963190184049,"d":"7.4"}]
["Utiliza Hidroponia","-",null,"-"]
["Utiliza Plasticultura",20,null,{"v":12.269938650306749,"d":"12.3"}]
["Utiliza Mudas Fiscalizadas",62,null,{"v":38.03680981595092,"d":"38.0"}]
["Utiliza Semente Melhorada",54,null,{"v":33.128834355828225,"d":"33.1"}]
["Faz Confinamento de Bovinos","-",null,"-"]
["Utiliza Pastejo Intensivo",14,null,{"v":8.588957055214724,"d":"8.6"}]
["Faz Inseminação Artificial","-",null,"-"]
["Faz Mineralização do Rebanho",110,null,{"v":67.48466257668711,"d":"67.5"}]
["Faz Vermifugação do Rebanho",110,null,{"v":67.48466257668711,"d":"67.5"}]
["Possui Parceiros /Arrendatários na Exploração Animal",14,null,{"v":8.588957055214724,"d":"8.6"}]
["Esporte e lazer",1,null,{"v":0.6134969325153374,"d":"0.6"}]
["Extração mineral","-",null,"-"]
["Hotel Fazenda, Pousada ou SPA",1,null,{"v":0.6134969325153374,"d":"0.6"}]
["Pesque-pague","-",null,"-"]
["Restaurante ou Lanchonete","-",null,"-"]
["Transformação artesanal","-",null,"-"]
["Turismo rural ou ecoturismo",1,null,{"v":0.6134969325153374,"d":"0.6"}]
["Outras atividades econômicas rurais","-",null,"-"]
["Agroindústria","-",null,"-"]
["Proprietário sem instrução ou com instrução incompleta",3,null,{"v":1.8404907975460123,"d":"1.8"}]
["Proprietário com antigo primário completo",52,null,{"v":31.901840490797543,"d":"31.9"}]
["Proprietário com 1° grau (ou antigo ginasial) completo",21,null,{"v":12.883435582822084,"d":"12.9"}]
["Proprietário com 2° grau (ou antigo colegial) completo",51,null,{"v":31.288343558282207,"d":"31.3"}]
["Proprietário com curso superior completo ",35,null,{"v":21.47239263803681,"d":"21.5"}]
["Pessoa Jurídica",1,null,{"v":0.6134969325153374,"d":"0.6"}]
["Proprietário residente na própria UPA ",38,null,{"v":23.31288343558282,"d":"23.3"}]
["Fonte: Secretaria de Agricultura e Abastecimento, CDRS/IEA, Projeto LUPA."]
[]
["TABELA 18.5 - Área Cultivada, Município de Alvinlândia, Estado de São Paulo, 2007/08."]
["CULTURA","N.DE UPAs","MÍNIMO","MÉDIO","MÁXIMO","TOTAL"]
["Braquiaria",143,0.3,{"v":39.73,"d":"39.7"},832.4,{"v":5681.34,"d":"5,681.3"}]
["Cafe",41,{"v":1,"d":"1.0"},{"v":21.83,"d":"21.8"},143.2,894.9]
["Soja",1,{"v":192,"d":"192.0"},{"v":192,"d":"192.0"},{"v":192,"d":"192.0"},{"v":192,"d":"192.0"}]
["Eucalipto",21,0.1,{"v":7.91,"d":"7.9"},96.9,166.2]
["Mandioca",4,0.5,33.1,119.9,132.4]
["Gramas",2,{"v":9,"d":"9.0"},52.9,96.8,105.8]
["Amendoim",1,{"v":52,"d":"52.0"},{"v":52,"d":"52.0"},{"v":52,"d":"52.0"},{"v":52,"d":"52.0"}]
["Milho Safrinha",5,0.5,{"v":4.88,"d":"4.9"},9.6,24.4]
["Pupunha",1,{"v":17,"d":"17.0"},{"v":17,"d":"17.0"},{"v":17,"d":"17.0"},{"v":17,"d":"17.0"}]
["Cana-de-acucar",9,0.2,{"v":1.74,"d":"1.7"},3.8,15.7]
["Maracuja",3,0.5,3.9,9.7,11.7]
["Coco-da-baia",1,7.8,7.8,7.8,7.8]
["Pinus",1,4.4,4.4,4.4,4.4]
["Banana",1,3.2,3.2,3.2,3.2]
["Tomate envarado",3,{"v":1,"d":"1.0"},{"v":1,"d":"1.0"},{"v":1,"d":"1.0"},{"v":3,"d":"3.0"}]
["Essencias Nativas",2,0.9,{"v":0.95,"d":"1.0"},{"v":1,"d":"1.0"},1.9]
["Pepino",2,0.5,0.8,1.1,1.6]
["Pimenta",2,0.5,{"v":0.75,"d":"0.8"},{"v":1,"d":"1.0"},1.5]
["Outras florestais",1,{"v":1,"d":"1.0"},{"v":1,"d":"1.0"},{"v":1,"d":"1.0"},{"v":1,"d":"1.0"}]
["Berinjela",1,0.5,0.5,0.5,0.5]
["Feijao-vagem (ou vagem, ou feijao-verde)",1,0.5,0.5,0.5,0.5]
["Fonte: Secretaria de Agricultura e Abastecimento, CDRS/IEA, Projeto LUPA."]